| 000 | 00784nam a2200205Ii 4500 | ||
|---|---|---|---|
| 003 | JO-AjNU | ||
| 008 | 230605s9999||||xx |||||||||||||| ||und|| | ||
| 040 |
_aJO-AjNU _bara _erda _cJO-AjNU |
||
| 041 | _aara | ||
| 050 | 1 | 4 | _aHF5625.2003 |
| 100 | 3 |
_aهيئة المحاسبة والمراجعة لدول مجلس التعاون لدول الخليج العربية, _eauthor _964152 |
|
| 245 | 0 | 0 | _aمعايير المراجعة |
| 250 | _aط1 | ||
| 264 | 3 | 1 | _aالرياض: هيئة المحاسبة والمراجعة لدول مجلس التعاون لدول الخليج العربية، 2003 |
| 300 | _a552ص | ||
| 336 |
_atext _btxt _2rdacontent |
||
| 337 |
_aunmediated _bn _2rdamedia |
||
| 338 |
_avolume _bnc _2rdacarrier |
||
| 650 | 4 |
_aمراجعة الحسابات _964153 |
|
| 999 |
_aA29137 _c32705 _d32705 |
||